| 000 | 01187nam a2200289Ia 4500 | ||
|---|---|---|---|
| 003 | OSt | ||
| 005 | 20221005105134.0 | ||
| 006 | a|||||r|||| 00| 0 | ||
| 007 | ta | ||
| 008 | 221004b |||||||| |||| 00| 0 hin d | ||
| 020 |
_a9788179752265 (hbk) _c750 |
||
| 024 | _a100926 | ||
| 037 |
_b400, 22/03/2010, Swaraj Prakashan _cTextual |
||
| 040 |
_aCRL _cCRL _bhin |
||
| 041 |
_2hin _ahin |
||
| 082 | _a4,1, 152P8 | ||
| 100 | _aचतुर्वेदी, जगदीश्वर | ||
| 245 | 0 | _aमीडिया, प्राच्यवाद और वर्चुअल यथार्थ | |
| 246 | _aMīḍiyā, prāchyavād aur varchual yathārtha | ||
| 260 |
_aनई दिल्ली _bअनामिका पब्लिर्शस भारत _c2008 |
||
| 300 |
_a432पृ0 _ccm. |
||
| 490 | _aमीडिया सिद्धांतकार; 2 | ||
| 650 | _aहिन्दी पत्रकारिता | ||
| 700 | _a सुधा सिंह | ||
| 942 |
_h4,1, 152P8 _cTEXL _2cc |
||
| 999 |
_c1014894 _d1014894 |
||